Logica modernorum in Prague about 1400 (Record no. 139007)
[ view plain ]
| 000 -LEADER | |
|---|---|
| fixed length control field | 01757nam a22003854a 4500 |
| 082 04 - DEWEY DECIMAL CLASSIFICATION NUMBER | |
| Classification number | 160/.9/02 |
| 245 00 - TITLE STATEMENT | |
| Title | Logica modernorum in Prague about 1400 |
| 260 ## - PUBLICATION, DISTRIBUTION, ETC. (IMPRINT) | |
| Place of publication | Leiden ; |
| -- | Boston : |
| Name of publisher | Brill, |
| Year of publication | 2004. |
| 300 ## - PHYSICAL DESCRIPTION | |
| Number of Pages | xv, 481 p. : |
| Other physical details | ill. |
| 490 1# - SERIES STATEMENT | |
| Series statement | Studien und Texte zur Geistesgeschichte des Mittelalters, |
| 650 #0 - SUBJECT ADDED ENTRY--TOPICAL TERM | |
| Topical Term | Logic, Medieval. |
| Topical Term | Language and logic |
| Topical Term | Semantics (Philosophy) |
| 700 1# - ADDED ENTRY--PERSONAL NAME | |
| Personal name | Bos, Egbert P., |
| Personal name | Thomas, |
| 856 40 - ELECTRONIC LOCATION AND ACCESS | |
| Uniform Resource Identifier | http://site.ebrary.com/lib/rucke/Doc?id=10171553 |
No items available.
